Регионална библиотека "Любен Каравелов" - Русе

Концептуализиране на образователната дейност като метапедагогически проблем (Запис номер 68658)

MARC детайли
000 -Лидер
Контролно поле с фиксирана дължина 01663nam a2200361 c 4500
003 - Код на организацията, давaща контролен номер
Контролно поле BLK
005 - Дата и час на последна редакция
Контролно поле 20180420223623.0
008 - Елементи от данни с фиксирана дължина
fixed length control field 180408b bul|||||r ||||||| ||bul||
010 ## - Наследен системен номер
LC control number KNG00072987000
020 ## - Международен стандартен номер на книга ISBN
Международен стандартен номер на книга ISBN 954-680-092-9
-- издат.: Унив. изд. Неофит Рилски
040 ## - Източник на каталожния запис
Идентификатор на билиотеката - собственик на записа BLK
041 ## - Код за език
Код за езика на текст/звукозапис или на отделно заглавие Български
Код за езика КДБФ Български
080 ## - УДК
Текстов определител УДК Основи на възпитанието (материални, теоретични, философски и др.). Педагогика
УДК код - определител по УДК 37.01
УДК определител
УДК - код + определител 37.01
080 ## - УДК
Текстов определител УДК Общи въпроси на дидактиката и методиката
УДК код - определител по УДК 37.02
УДК определител
УДК - код + определител 37.02
100 1# - Редна дума - Автор
Автор Великова, Вилия Иванова
Авторска отговорност първи автор
R(LIN) 260844
139 ## - Редно поле
Редна дума Великова, Вилия Иванова
Авторски знак Вели - В 39
245 10 - Сведения за заглавието
Заглавие Концептуализиране на образователната дейност като метапедагогически проблем
Редно поле (дума) Вилия Иванова Великова.
257 ## - Страна на издаване
Страна на създаване/издаване България
260 ## - Област на издателските данни
-- Благоевград
Име на издателя, разпространителя и проч. Унив. изд. Неофит Рилски
Година на издаване 1998
Печатница Благоевград : Полипринт
300 ## - Физическа характеристика
Страници 220 с.
Илюстрации и др. с ил.
Размери/Мащаб 21 см
380 ## - Жанр
Жанр Обществени науки
500 ## - Общи забележки
Забележка Кн. деп. 2002. - Библиогр. с. 205-214 ; Именен, предм. показалец
504 ## - Забележка за наличие на библиография и др
Забележка за наличие на библиография и под. 205-214
650 #4 - Допълнително описание по предмет – тема
Основно описание – тема или топоним Педагогика - философия и методология
9 (RLIN) 269339
650 #4 - Допълнително описание по предмет – тема
Основно описание – тема или топоним Обучение
9 (RLIN) 164588
653 ## - Ключова дума – ненормативна
Ключова дума педагогика
653 ## - Ключова дума – ненормативна
Ключова дума обучение
852 ## - Местоположение
Форматна сигнатура Цб 232408
856 4# - Електронен адрес и достъп
Електронен формат pdf - файл
Път до файла /url/
856 4# - Електронен адрес и достъп
Електронен формат pdf - файл
Път до файла /url/
942 ## - АРТИКУЛИ
Вид на библиотечния материал Книги
Скрит в OPAC Не
944 ## - СЪЗДАВАНЕ И РЕДАКЦИЯ на ЗАПИСА
Създаване/Редакция Създаване
Дата на регистрацията/редакция 15.03.2007
Служител, извършил регистрацията/редакцията Цветанка_Енчева
944 ## - СЪЗДАВАНЕ И РЕДАКЦИЯ на ЗАПИСА
Създаване/Редакция Редакция
Дата на регистрацията/редакция 23.03.2007
Служител, извършил регистрацията/редакцията
999 ## - СИСТЕМНИ КОНТРОЛНИ НОМЕРА
Koha biblionumber 68658
Koha biblioitemnumber 68658
Наличности
Код за отписване Код за изгубен артикул Код за повреда Коз за рестрикции Код за отдаване Артикулен № Име на библиотеката - собственик Име на библиотеката, в която се намира в момента Статус (Текущо местоположение) Дата на вписване в системата Местоположение - отдел Цена в лева Инвентарен номер Систематично азбучна сигнатура Баркод Номер на екземпляра Цена в евро Служебна бележка Служебен тип на артикула Източник на класификационната схема
  Не е изгубен Не е повреден без рестрикции ползва се в читалня 112806 Регионална библиотека "Любен Каравелов" Русе Регионална библиотека "Любен Каравелов" Русе Хранилище 2007-03-16 Хранилище 0.00 120000711297 Цб 232408 120000711297 1 0.00 Дост: Dp Вид: Д N: 29 Дата: 21.06.2006 Книги  
  Не е изгубен Не е повреден без рестрикции заемане за дома 680195 Регионална библиотека "Любен Каравелов" Русе Регионална библиотека "Любен Каравелов" Русе Заемна - подръчен фонд 2018-09-11 Заемна - подръчен фонд 12.00 120000823153 П 37.01/В 39 120000823153   6.14   Книги Universal Decimal Classification
Vip Innovations Ltd, Rousse, Bulgaria 2025